|
|
|
|
| LEADER |
03079nam a2200493 4500 |
| 001 |
978-981-13-1411-7 |
| 003 |
DE-He213 |
| 005 |
20191027151628.0 |
| 007 |
cr nn 008mamaa |
| 008 |
181015s2019 si | s |||| 0|eng d |
| 020 |
|
|
|a 9789811314117
|9 978-981-13-1411-7
|
| 024 |
7 |
|
|a 10.1007/978-981-13-1411-7
|2 doi
|
| 040 |
|
|
|d GrThAP
|
| 050 |
|
4 |
|a GF1-900
|
| 072 |
|
7 |
|a RGC
|2 bicssc
|
| 072 |
|
7 |
|a SOC015000
|2 bisacsh
|
| 072 |
|
7 |
|a RGC
|2 thema
|
| 082 |
0 |
4 |
|a 304.2
|2 23
|
| 245 |
1 |
0 |
|a Doing Memory Research
|h [electronic resource] :
|b New Methods and Approaches /
|c edited by Danielle Drozdzewski, Carolyn Birdsall.
|
| 250 |
|
|
|a 1st ed. 2019.
|
| 264 |
|
1 |
|a Singapore :
|b Springer Singapore :
|b Imprint: Palgrave Macmillan,
|c 2019.
|
| 300 |
|
|
|a XV, 217 p. 19 illus.
|b online resource.
|
| 336 |
|
|
|a text
|b txt
|2 rdacontent
|
| 337 |
|
|
|a computer
|b c
|2 rdamedia
|
| 338 |
|
|
|a online resource
|b cr
|2 rdacarrier
|
| 347 |
|
|
|a text file
|b PDF
|2 rda
|
| 505 |
0 |
|
|a Chapter 1. Advancing Memory Methods -- Chapter 2. Sensory Impact: Memory, Affect and Sensory Ethnography at Official Memory Sites -- Chapter 3. Using Emplaced Ethnography, Mobility and Listening to Research Memory -- Chapter 4. Biosensing: A Critical Reflection on Doing Memory Research through the Body -- Chapter 5. The Art of Memory after Genocide: Reimagining the Images of the Places of Pain and (Be)longing -- Chapter 6. Beyond Trauma: Researching Memory on My Doorstep -- Chapter 7. Reading-in-Place and Thick Mapping the Venice Ghetto at 500 -- Chapter 8. From Place-Memories to Active Citizenship: The Potential of Geotagged User-Generated Content for Memory Scholarship -- Chapter 9. Participatory Methods and Community-Engaged Practices for Collecting, Presenting and Representing Cultural Memory -- Chapter 10. Community Memory Mapping as a Visual Ethnography of Post-War Northeast England.
|
| 520 |
|
|
|a 'The chapter "From Place-Memories to Active Citizenship: The Potential of Geotagged User-Generated Content for Memory Scholarship" is available open access under a Creative Commons Attribution 4.0 International License via link.springer.com.
|
| 650 |
|
0 |
|a Human geography.
|
| 650 |
|
0 |
|a Historiography.
|
| 650 |
|
0 |
|a Cultural heritage.
|
| 650 |
1 |
4 |
|a Human Geography.
|0 http://scigraph.springernature.com/things/product-market-codes/X26000
|
| 650 |
2 |
4 |
|a Memory Studies.
|0 http://scigraph.springernature.com/things/product-market-codes/711010
|
| 650 |
2 |
4 |
|a Cultural Heritage.
|0 http://scigraph.springernature.com/things/product-market-codes/419000
|
| 700 |
1 |
|
|a Drozdzewski, Danielle.
|e editor.
|4 edt
|4 http://id.loc.gov/vocabulary/relators/edt
|
| 700 |
1 |
|
|a Birdsall, Carolyn.
|e editor.
|4 edt
|4 http://id.loc.gov/vocabulary/relators/edt
|
| 710 |
2 |
|
|a SpringerLink (Online service)
|
| 773 |
0 |
|
|t Springer eBooks
|
| 776 |
0 |
8 |
|i Printed edition:
|z 9789811314100
|
| 776 |
0 |
8 |
|i Printed edition:
|z 9789811314124
|
| 776 |
0 |
8 |
|i Printed edition:
|z 9789811346293
|
| 856 |
4 |
0 |
|u https://doi.org/10.1007/978-981-13-1411-7
|z Full Text via HEAL-Link
|
| 912 |
|
|
|a ZDB-2-SLS
|
| 950 |
|
|
|a Social Sciences (Springer-41176)
|